[Event "Swiss Queens Wed #7"]
[Site "FIDE Online Arena INT"]
[Date "2024.03.13"]
[Round "4"]
[White "Tripurambika, V."]
[Black "Devanshi, Rathi"]
[Result "1-0"]
[WhiteElo "1626"]
[BlackElo "1735"]
[PlyCount "39"]
[EventDate "2024.03.13"]
[EventType "swiss (blitz)"]
[EventRounds "11"]
[EventCountry "NET"]
[SourceTitle "CB12_2024"]
[SourceDate "2023.10.01"]
[SourceVersion "1"]
[SourceVersionDate "2023.10.01"]
[SourceQuality "1"]

1. d4 d5 2. Nc3 Nf6 3. Bf4 c6 4. e3 Bf5 5. f3 e6 6. g4 Bg6 7. h4 h5 8. g5 Nfd7 9. Bd3 Bxd3 10. Qxd3 Be7 11. Nge2 Nb6 12. 0-0-0 Bd6 13. g6 f6 14. e4 Bxf4+ 15. Nxf4 Qe7 16. Rhe1 dxe4 17. Rxe4 e5 18. dxe5 fxe5 19. Rxe5 Qxe5 20. Qd8# 1-0

[Event "Swiss Queens Wed #6"]
[Site "FIDE Online Arena INT"]
[Date "2024.03.06"]
[Round "5"]
[White "Devanshi, Rathi"]
[Black "Aliaga Fernandez, Ingrid Yadira"]
[Result "0-1"]
[WhiteElo "1735"]
[BlackElo "2147"]
[PlyCount "56"]
[EventDate "2024.03.06"]
[EventType "swiss (blitz)"]
[EventRounds "11"]
[EventCountry "NET"]
[SourceTitle "CB11_2024"]
[SourceDate "2024.03.13"]
[SourceVersion "1"]
[SourceVersionDate "2024.03.13"]
[SourceQuality "1"]

1. e4 c5 2. Nc3 e6 3. f4 a6 4. Nf3 d6 5. a4 Nc6 6. d3 g6 7. g4 Bg7 8. Bg2 h5 9. g5 Nge7 10. Qe2 Nd4 11. Nxd4 cxd4 12. Nd1 Qc7 13. h4 Bd7 14. Bh3 Rc8 15. f5 exf5 16. exf5 Bxf5 17. Bxf5 gxf5 18. Bf4 Be5 19. Bxe5 dxe5 20. c3 dxc3 21. Nxc3 0-0 22. Qxh5 Qb6 23. Qe2 Ng6 24. Nd5 Qa5+ 25. b4 Qxd5 26. 0-0 Qd4+ 27. Rf2 Qxa1+ 28. Kg2 Nf4+ 0-1

[Event "Swiss Queens Wed #6"]
[Site "FIDE Online Arena INT"]
[Date "2024.03.06"]
[Round "9"]
[White "Devanshi, Rathi"]
[Black "Ganesh, Linggeswary"]
[Result "0-1"]
[WhiteElo "1735"]
[BlackElo "1499"]
[PlyCount "52"]
[EventDate "2024.03.06"]
[EventType "swiss (blitz)"]
[EventRounds "11"]
[EventCountry "NET"]
[SourceTitle "CB11_2024"]
[SourceDate "2024.03.13"]
[SourceVersion "1"]
[SourceVersionDate "2024.03.13"]
[SourceQuality "1"]

1. e4 c5 2. Nc3 d6 3. f4 Nf6 4. Nf3 Nc6 5. Bc4 a6 6. d3 e6 7. 0-0 b5 8. Bb3 Bb7 9. Qe1 Be7 10. f5 exf5 11. exf5 0-0 12. Nd5 Re8 13. Qg3 Nd4 14. Nxe7+ Qxe7 15. Nxd4 cxd4 16. Bf4 Nh5 17. Qf2 Nxf4 18. Qxf4 Qe2 19. Qf2 Qg4 20. h3 Qg5 21. g4 h5 22. Qf4 Qh4 23. Kh2 Re2+ 24. Kg1 Rg2+ 25. Kh1 Qxh3+ 26. Qh2 Qxh2# 0-1

[Event "Swiss Queens Wed #6"]
[Site "FIDE Online Arena INT"]
[Date "2024.03.06"]
[Round "10"]
[White "Kindipan, Zyralle"]
[Black "Devanshi, Rathi"]
[Result "0-1"]
[WhiteElo "1645"]
[BlackElo "1735"]
[PlyCount "112"]
[EventDate "2024.03.06"]
[EventType "swiss (blitz)"]
[EventRounds "11"]
[EventCountry "NET"]
[SourceTitle "CB11_2024"]
[SourceDate "2024.03.13"]
[SourceVersion "1"]
[SourceVersionDate "2024.03.13"]
[SourceQuality "1"]

1. d4 d5 2. Bf4 Nf6 3. Nc3 b6 4. Nb5 Na6 5. e3 c6 6. Nc3 e6 7. Nf3 Bb4 8. Bd3 0-0 9. a3 Bxc3+ 10. bxc3 c5 11. 0-0 c4 12. Be2 Ne4 13. Qe1 f6 14. h3 Nc7 15. Rb1 Ne8 16. Kh1 g5 17. Bh2 Ng7 18. Ng1 Qe7 19. f3 Nd6 20. a4 e5 21. dxe5 fxe5 22. Qd2 Bb7 23. Bd1 Ngf5 24. Ne2 Nh4 25. Ng3 Ndf5 26. e4 dxe4 27. Nxe4 Rad8 28. Qxg5+ Qxg5 29. Nxg5 Rd2 30. g3 Ng2 31. Rg1 Nfe3 32. h4 Nxd1 33. Rbxd1 Rxd1 34. Rxd1 Ne3 35. Rd7 Bxf3+ 36. Nxf3 Rxf3 37. Bg1 Nxc2 38. Kg2 Rxc3 39. Rxa7 Ne3+ 40. Kh3 Nf5 41. Bf2 Rf3 42. Be1 Ne3 43. Rb7 Nd5 44. Rd7 Rd3 45. Rb7 e4 46. Rb8+ Kf7 47. Rb7+ Ke6 48. Rxh7 Ke5 49. Rh6 Kd4 50. Rh5 e3 51. Rf5 e2 52. Bf2+ Ne3 53. Rf4+ Kc3 54. h5 Rd1 55. h6 e1Q 56. Bxe1+ Rxe1 0-1

[Event "Swiss Queens Wed #6"]
[Site "FIDE Online Arena INT"]
[Date "2024.03.06"]
[Round "7"]
[White "Uyangalyankhua, Batzaya"]
[Black "Devanshi, Rathi"]
[Result "1-0"]
[WhiteElo "1656"]
[BlackElo "1735"]
[PlyCount "53"]
[EventDate "2024.03.06"]
[EventType "swiss (blitz)"]
[EventRounds "11"]
[EventCountry "NET"]
[SourceTitle "CB11_2024"]
[SourceDate "2024.03.13"]
[SourceVersion "1"]
[SourceVersionDate "2024.03.13"]
[SourceQuality "1"]

1. d4 d5 2. c4 e6 3. Nc3 c5 4. cxd5 exd5 5. e3 c4 6. e4 dxe4 7. Bxc4 Bb4 8. Qb3 Bxc3+ 9. bxc3 Qe7 10. Ne2 Be6 11. Ba3 Bxc4 12. Qa4+ b5 13. Qa5 Qd8 14. Qb4 Nc6 15. Qf8+ Kd7 16. Qd6+ Kc8 17. Qxc6+ Qc7 18. Qxa8+ Kd7 19. Qf8 a5 20. Bc5 f5 21. Qxg7+ Kc8 22. Qxh8 b4 23. cxb4 axb4 24. 0-0 Bxe2 25. Qxg8+ Kb7 26. Rfc1 Qd7 27. Rab1 1-0

[Event "Swiss Queens Wed #4"]
[Site "FIDE Online Arena INT"]
[Date "2024.02.21"]
[Round "1"]
[White "Bodnaruk, Anastasia"]
[Black "Devanshi, Rathi"]
[Result "1-0"]
[WhiteElo "2340"]
[BlackElo "1559"]
[PlyCount "71"]
[EventDate "2024.02.21"]
[EventType "swiss (blitz)"]
[EventRounds "11"]
[EventCountry "NET"]
[SourceTitle "CB09_2024"]
[SourceDate "2024.02.28"]
[SourceVersion "1"]
[SourceVersionDate "2024.02.28"]
[SourceQuality "1"]

1. e4 e5 2. Nf3 Nc6 3. Bb5 a6 4. Ba4 Nf6 5. 0-0 Bc5 6. c3 b5 7. Bb3 d6 8. d4 exd4 9. cxd4 Bb6 10. h3 h6 11. Nc3 0-0 12. e5 dxe5 13. dxe5 Qxd1 14. Rxd1 Nd7 15. e6 Nc5 16. exf7+ Kh8 17. Bd5 Bb7 18. Nh4 Ne5 19. Bf4 Bxd5 20. Nxd5 Ncd3 21. Bxe5 Nxe5 22. Nxb6 cxb6 23. Re1 g5 24. Nf5 Nxf7 25. Re6 Kh7 26. Rae1 Rad8 27. Rxb6 Rd5 28. g4 h5 29. Re7 hxg4 30. hxg4 Rd1+ 31. Kg2 Rd2 32. Rh6+ Kg8 33. Rg6+ Kh8 34. Rg7 Nd6 35. Rh7+ Kg8 36. Reg7# 1-0

[Event "Swiss Queens Wed #3"]
[Site "FIDE Online Arena INT"]
[Date "2024.02.14"]
[Round "9"]
[White "Devanshi, Rathi"]
[Black "Stangl, Anita"]
[Result "1-0"]
[WhiteElo "1559"]
[BlackElo "2070"]
[PlyCount "39"]
[EventDate "2024.02.14"]
[EventType "swiss (blitz)"]
[EventRounds "11"]
[EventCountry "NET"]
[SourceTitle "CB08_2024"]
[SourceDate "2024.02.21"]
[SourceVersion "1"]
[SourceVersionDate "2024.02.21"]
[SourceQuality "1"]

1. e4 e6 2. d4 d5 3. Nd2 Nf6 4. e5 Nfd7 5. Bd3 c5 6. c3 Nc6 7. Ne2 Qb6 8. Nf3 cxd4 9. cxd4 f6 10. exf6 Nxf6 11. 0-0 Bd6 12. Bf4 Bxf4 13. Nxf4 0-0 14. Ng5 Nxd4 15. Re1 e5 16. Rxe5 Ng4 17. Bxh7+ Kh8 18. Ng6+ Qxg6 19. Bxg6 Nxe5 20. Qh5+ 1-0

[Event "Swiss Queens Wed #2"]
[Site "FIDE Online Arena INT"]
[Date "2024.02.07"]
[Round "5"]
[White "Devanshi, Rathi"]
[Black "Stangl, Anita"]
[Result "0-1"]
[WhiteElo "1559"]
[BlackElo "2070"]
[PlyCount "96"]
[EventDate "2024.02.07"]
[EventType "swiss (blitz)"]
[EventRounds "11"]
[EventCountry "NET"]
[SourceTitle "CB07_2024"]
[SourceDate "2024.02.14"]
[SourceVersion "1"]
[SourceVersionDate "2024.02.14"]
[SourceQuality "1"]

1. e4 e6 2. d4 d5 3. Nd2 Nf6 4. e5 Nfd7 5. Bd3 c5 6. c3 Nc6 7. Ne2 Qb6 8. Nf3 cxd4 9. cxd4 f6 10. exf6 Nxf6 11. 0-0 Bd6 12. Rb1 0-0 13. Re1 e5 14. dxe5 Nxe5 15. Nxe5 Bxe5 16. Be3 Qd6 17. Ng3 d4 18. Bg5 Ng4 19. f3 Bxg3 20. hxg3 Nf6 21. Bf4 Qd5 22. Qb3 Qxb3 23. axb3 Re8 24. Rxe8+ Nxe8 25. Bc4+ Kf8 26. Rd1 a6 27. Rxd4 b5 28. Bd5 Ra7 29. Be3 Rc7 30. Rf4+ Ke7 31. Re4+ Kd8 32. Bg5+ Nf6 33. Rf4 Ke7 34. Re4+ Kd6 35. Bxf6 gxf6 36. Rd4 Ke5 37. Rd1 Rc2 38. Kf1 Rxb2 39. Be4 f5 40. Rd5+ Ke6 41. Rxf5 Bb7 42. Rf4 Bxe4 43. Rxe4+ Kd5 44. Rh4 Rxb3 45. Rxh7 Rb1+ 46. Kf2 b4 47. Rh5+ Kc4 48. Rh4+ Kc3 0-1

[Event "Swiss Queens Wed #2"]
[Site "FIDE Online Arena INT"]
[Date "2024.02.07"]
[Round "11"]
[White "Nevska, Gerda"]
[Black "Devanshi, Rathi"]
[Result "0-1"]
[WhiteElo "1787"]
[BlackElo "1559"]
[PlyCount "64"]
[EventDate "2024.02.07"]
[EventType "swiss (blitz)"]
[EventRounds "11"]
[EventCountry "NET"]
[SourceTitle "CB07_2024"]
[SourceDate "2024.02.14"]
[SourceVersion "1"]
[SourceVersionDate "2024.02.14"]
[SourceQuality "1"]

1. c4 e5 2. Nc3 Nf6 3. g3 Bc5 4. Bg2 0-0 5. d3 h6 6. Rb1 c6 7. b4 Be7 8. e4 d6 9. Nge2 Bg4 10. 0-0 Nbd7 11. h3 Be6 12. f4 exf4 13. Nxf4 Re8 14. b5 Rc8 15. bxc6 bxc6 16. Ba3 Nb6 17. Nxe6 fxe6 18. Kh2 d5 19. e5 Nfd7 20. Bxe7 Qxe7 21. c5 Nxc5 22. d4 Ncd7 23. Ne2 Rf8 24. Nf4 Qe8 25. Qd3 c5 26. Ng6 Rxf1 27. Rxf1 cxd4 28. h4 Rc3 29. Qb1 d3 30. Bh3 Rc2+ 31. Kh1 Qxg6 32. Qd1 Qxg3 0-1

[Event "Isolated Queens Internet op 2nd"]
[Site "Chess.com INT"]
[Date "2020.05.02"]
[Round "1"]
[White "Koridze, Lile"]
[Black "Devanshi, Rathi"]
[Result "1-0"]
[WhiteElo "1996"]
[BlackElo "1559"]
[PlyCount "87"]
[EventDate "2020.05.02"]
[EventType "swiss"]
[EventRounds "10"]
[EventCountry "USA"]
[SourceTitle "CBM 195 Extra"]
[Source "ChessBase"]
[SourceDate "2020.05.31"]
[SourceVersion "1"]
[SourceVersionDate "2020.05.31"]
[SourceQuality "1"]

1. d4 d5 2. c4 e6 3. g3 Nf6 4. Bg2 c6 5. Nf3 Be7 6. 0-0 0-0 7. Qc2 Nbd7 8. b3 b6 9. Nc3 Bb7 10. e4 dxe4 11. Nxe4 Nxe4 12. Qxe4 Nf6 13. Qc2 c5 14. Bb2 cxd4 15. Rad1 Qc7 16. Bxd4 Be4 17. Qe2 Rad8 18. Be3 Bc5 19. Bg5 Bg6 20. Ne5 Rxd1 21. Rxd1 Rd8 22. Ng4 Rxd1+ 23. Qxd1 Nxg4 24. Qxg4 Be7 25. Be3 Bc5 26. Bxc5 Qxc5 27. Qf4 e5 28. Qc1 Qd4 29. h3 h6 30. a3 Be4 31. Bxe4 Qxe4 32. b4 Qd4 33. c5 bxc5 34. bxc5 Qd7 35. c6 Qc7 36. Qc5 f6 37. Qb5 Qd6 38. Qb7 Qd1+ 39. Kh2 Qc2 40. c7 Qxf2+ 41. Qg2 Qc5 42. Qa8+ Kf7 43. c8Q Qf2+ 44. Qg2 1-0

[Event "Mumbai Wealth op"]
[Site "Mumbai"]
[Date "2016.02.03"]
[Round "7"]
[White "Devanshi, Rathi"]
[Black "Mahadkar, Pranav"]
[Result "1-0"]
[WhiteElo "1523"]
[BlackElo "1155"]
[PlyCount "91"]
[EventDate "2016.01.28"]
[EventType "swiss"]
[EventRounds "9"]
[EventCountry "IND"]
[SourceTitle "CBM 170 Extra"]
[Source "ChessBase"]
[SourceDate "2016.02.25"]
[SourceVersion "1"]
[SourceVersionDate "2016.02.25"]
[SourceQuality "1"]

1. e4 c5 2. Nf3 d6 3. d4 cxd4 4. Nxd4 Nf6 5. Nc3 g6 6. Be2 Bg7 7. Nb3 0-0 8. 0-0 Nc6 9. Re1 Be6 10. f3 Rc8 11. Nd5 Bxd5 12. exd5 Nb4 13. c4 b5 14. a3 bxc4 15. axb4 cxb3 16. Qxb3 Qb6+ 17. Be3 Qb7 18. Ba6 Qxd5 19. Qxd5 Nxd5 20. Bxc8 Nxe3 21. Rac1 Bxb2 22. Rc7 Bd4 23. Kh1 Nd5 24. Rc4 Bc3 25. Rc1 Bxb4 26. Bb7 Bd2 27. Bxd5 Bxc1 28. Rxc1 Rb8 29. Kg1 a5 30. Kf2 Rb2+ 31. Kg3 Kg7 32. Rc7 e6 33. Bxe6 Kf6 34. Bxf7 a4 35. Be8 a3 36. Rc1 Rd2 37. Ra1 Rd3 38. Bb5 Rb3 39. Bc4 Rc3 40. Ba2 Ke5 41. Rd1 Rc2 42. Ra1 Kd4 43. Bg8 Rc3 44. Bxh7 g5 45. Rd1+ Kc5 46. Bg8 1-0